000 00684nam a22002057a 4500
999 _c10907
_d10907
003 AR-CdUCM
008 190402b ||||| |||| 00| 0 spa d
040 _aMUNICIPALIDAD PROVINCIAL DEL CUSCO
_cBIBLIOTECA MUNICIPAL DEL CUSCO
082 _aEP / 170.098 /
_bP52
100 _aPeña de Zea, Dina
_927981
245 _aDespertar :
_bIniciación en la enseñanza de los valores /
260 _aLima :
_bServicio gráfico Urbano,
_c2011.
300 _a164 paginas ;
_bIlustraciones,
_c21 cm.
505 _aContenido :Cuentos infantiles /
650 _aValores
_95705
650 _aEducación moral
_93587
650 _aCuentos infantiles
_93927
942 _2ddc
_cLIBROS
945 _arjall